00520nam a2200241Ia 450000500170000000800460001702000150006303700070007804000080008504000080009304000080010104100080010904100080011708400170012508400080014210000220015024500320017224500220020426000140022626000200024026000090026030000090026920260401122201.0008 250103s9999 xx 000 0 eng d a8126019700 aTB aEDL beng cEDL 2eng aeng a894.8111 BHA qEDL aNandakumar, Prema 0aPoems of Subramania Bharati 0cNandakumar, Prema aNew Delhi bSahitya Akademi c2004 a232p